Les clés de Mallarmé /
Guardado en:
| Autor Principal: | |
|---|---|
| Formato: | Libro |
| Idioma: | French |
| Publicado: |
Paris :
Aubier,
1954.
|
| Materias: | |
| Etiquetas: |
Agregar Etiqueta
Sin Etiquetas, Sea el primero en etiquetar este registro!
|
| LEADER | 00447nam a22001575a 4500 | ||
|---|---|---|---|
| 001 | EUN.um044258 | ||
| 003 | AR-BaUNS | ||
| 005 | 20050623122914.0 | ||
| 008 | 041125s1954####fr############000#0#fre#d | ||
| 245 | 1 | 4 | |a Les clés de Mallarmé / |c Charles Chassé. |
| 260 | |a Paris : |b Aubier, |c 1954. | ||
| 300 | |a 234 p. | ||
| 100 | 1 | |a Chassé, Charles. | |
| 082 | 0 | 4 | |a 840.7 |
| 653 | |a Literatura francesa:s.xix | ||
| 859 | |a Ar-BaUNS |b BIB. CENTRAL - Sector C |h 840.7 |i C387 |p 3435/956 | ||
